| 000 | 00922nam a2200229 a 4500 | ||
|---|---|---|---|
| 001 | 39954 | ||
| 003 | BD-RjUL | ||
| 005 | 20211209053112.0 | ||
| 008 | 160420s1985 bg ||||| |||| 00| 0 ben d | ||
| 020 | _c: TK 150.00 | ||
| 035 | _a(BD-RjUL)40068 | ||
| 040 |
_aBD-RjUL _bben _cBD-RjUL |
||
| 041 | _aben | ||
| 082 |
_223 _a891.4408 _bSWA 1985 |
||
| 245 | 0 | 0 |
_aএস. ওয়াজেদ আলি রচনাবলী / _cসৈয়দ আকরাম হোসেন সংগ্রহ ও সম্পাদনা |
| 260 |
_aঢাকা : _bবাংলা একাডেমী, _c১৯৮৫ |
||
| 300 |
_a[৮], ৫৩০ পৃ. ; _c২২ সেমি |
||
| 650 |
_aবাংলা সাহিত্য _9123066 |
||
| 650 |
_aBengali Literature _9123067 |
||
| 700 |
_a হোসেন, সৈয়দ আকরাম সংগ্রহ ও সম্পাদনা _9123068 |
||
| 942 |
_2ddc _cBK |
||
| 999 |
_c39954 _d39954 |
||